My first book of sign language / (Record no. 1679)

MARC details
000 -LEADER
fixed length control field 01060cam a2200313 a 4500
005 - DATE AND TIME OF LATEST TRANSACTION
control field 20250729153225.0
020 ## - INTERNATIONAL STANDARD BOOK NUMBER
International Standard Book Number 9780439635820
040 ## - CATALOGING SOURCE
Original cataloging agency DLC
Transcribing agency DLC
Modifying agency DLC
Language of cataloging eng
050 00 - LIBRARY OF CONGRESS CALL NUMBER
Classification number HV2476.H65
082 00 - DEWEY DECIMAL CLASSIFICATION NUMBER
Classification number 419
-- E
Edition number 20
100 1# - MAIN ENTRY--PERSONAL NAME
Personal name Holub, Joan
245 10 - TITLE STATEMENT
Title My first book of sign language /
Statement of responsibility, etc. illustrated by Joan Holub.
250 ## - EDITION STATEMENT
Edition statement First Scholastic printing , February 2004
260 ## - PUBLICATION, DISTRIBUTION, ETC.
Name of publisher, distributor, etc. Scholastic,
Date of publication, distribution, etc. 1996
Place of publication, distribution, etc. New York :
300 ## - PHYSICAL DESCRIPTION
Extent 32 unnumbered pages :
Other physical details color illustrations ;
Dimensions 21 cm
505 ## - FORMATTED CONTENTS NOTE
Formatted contents note H <br/>
520 ## - SUMMARY, ETC.
Summary, etc. Pictures of children demonstrate the forming in sign language of alphabetically arranged words, accompanied by illustrations of the words themselves.
521 ## - TARGET AUDIENCE NOTE
Target audience note 430 <br/>
Source Lexile <br/>
521 ## - TARGET AUDIENCE NOTE
Target audience note H <br/>
Source Raz-Plus <br/>
650 #0 - SUBJECT ADDED ENTRY--TOPICAL TERM
Topical term or geographic name entry element Sign language
General subdivision Juvenile literature
650 #1 - SUBJECT ADDED ENTRY--TOPICAL TERM
Topical term or geographic name entry element Finger spelling
650 #1 - SUBJECT ADDED ENTRY--TOPICAL TERM
Topical term or geographic name entry element Sign language.
Form subdivision Juvenile literature
650 #1 - SUBJECT ADDED ENTRY--TOPICAL TERM
Topical term or geographic name entry element Alphabet.
650 #1 - SUBJECT ADDED ENTRY--TOPICAL TERM
Topical term or geographic name entry element Deaf.
650 #1 - SUBJECT ADDED ENTRY--TOPICAL TERM
Topical term or geographic name entry element People with disabilities.
906 ## - LOCAL DATA ELEMENT F, LDF (RLIN)
a 7
b cbc
c orignew
d 2
e ncip
f 19
g y-gencatlg
942 ## - ADDED ENTRY ELEMENTS (KOHA)
Source of classification or shelving scheme Dewey Decimal Classification
Koha item type Books
Suppress in OPAC No
999 ## -
-- 1679
-- 1679
Holdings
Withdrawn status Lost status Source of classification or shelving scheme Damaged status Not for loan Collection Home library Current library Shelving location Date acquired Total Checkouts Full call number Barcode Date due Date last seen Date last checked out Copy number Price effective from Koha item type
    Dewey Decimal Classification     Non-Fiction Footprints International School Library Network Toul Tom Poung Campus Footprints International School Library Network Toul Tom Poung Campus TTP Primary Dark Blue Bookshelves 09/14/2023 5 HOL 419 HV2476.H65 FIS02011 06/11/2025 05/28/2025 05/28/2025 1 09/14/2023 Books
    Dewey Decimal Classification     Non-Fiction Footprints International School Library Network Toul Tom Poung Campus Footprints International School Library Network Toul Tom Poung Campus TTP Primary Dark Blue Bookshelves 09/14/2023 5 HOL 419 HV2476.H65 FISBK01039   05/23/2025 05/09/2025 2 09/14/2023 Books
    Dewey Decimal Classification     Non-Fiction Footprints International School Library Network Toul Tom Poung Campus Footprints International School Library Network Toul Tom Poung Campus TTP Primary Dark Blue Bookshelves 09/14/2023 1 HOL 419 HV2476.H65 FISTK02233   04/10/2025 04/03/2025 3 09/14/2023 Books
    Dewey Decimal Classification     Non-Fiction Footprints International School Library Network Toul Tom Poung Campus Footprints International School Library Network Toul Tom Poung Campus TTP Primary Dark Blue Bookshelves 07/29/2025   HOL 419 HV2476.H65 FISBK05860   07/29/2025   4 07/29/2025 Books